Literature as recreation in the later middle ages
সংরক্ষণ করুন:
| প্রধান লেখক: | |
|---|---|
| বিন্যাস: | গ্রন্থ |
| ভাষা: | ইংরেজি |
| প্রকাশিত: |
Cornell University Press
2019
|
| ট্যাগগুলো: |
ট্যাগ যুক্ত করুন
কোনো ট্যাগ নেই, প্রথমজন হিসাবে ট্যাগ করুন!
|
MARC
| LEADER | 00000nam a22000007a 4500 | ||
|---|---|---|---|
| 008 | 240606b |||||||| |||| 00| 0 eng d | ||
| 020 | |a 9781501746741 | ||
| 100 | |a OLSON, Glencing | ||
| 245 | |a Literature as recreation in the later middle ages |c / Glending Olson. |g 245p | ||
| 260 | |b Cornell University Press |c 2019 |h London |i 701299 |i 701300 |l PN47.Ol8 |m Literature and society--Europe--History--To 1500. |m Amusements--Europe--History--To 1500. |m Literature, Medieval--History and criticism. |m Books and reading--Europe--History--To 1500. | ||
| 500 | |a it includes index | ||
| 942 | |a lcc |c BK |e Johnson |f 06/06/24 | ||
| 952 | |0 0 |1 0 |2 lcc |4 0 |6 PN0047 O L8 |7 0 |9 5246 |a ART |b HOL |c LP |d 2024-06-06 |l 0 |o PN47.Ol8 |p 2024-0491 |r 2024-06-06 00:00:00 |t 701299 |w 2024-06-06 |y BK | ||
| 952 | |0 0 |1 0 |2 lcc |4 0 |6 PN0047 O L8 |7 0 |9 5247 |a HOL |b HOL |c LP |d 2024-06-06 |l 0 |o PN47.Ol8 |p 2024-0492 |r 2024-06-06 00:00:00 |t 701300 |w 2024-06-06 |y BK | ||
| 999 | |c 2600 |d 2600 | ||